| 000 | 00592nam a22002057a 4500 | ||
|---|---|---|---|
| 005 | 20251108173059.0 | ||
| 008 | 250721s2003 xx 000 0 ara d | ||
| 082 | 1 | 4 | _a618.3/زعب |
| 100 | 1 | _aالزعبي، أسامة | |
| 245 | 1 | 0 | _aالمرجع في أمراض الخديج والوليد ( نلسون) / |
| 250 | _aط 2 | ||
| 264 | 1 |
_aدمشق : _bدار القدس للعلوم، _c2003. |
|
| 300 | _a144ص. | ||
| 650 | 1 | 7 | _aالأطفال |
| 650 | 1 | 7 | _aالولادة |
| 650 | 1 | 7 | _aالخداجة |
| 650 | 1 | 7 | _aمضاعفات الحمل |
| 942 |
_2ddc _cBK |
||
| 999 |
_c95582 _d95582 |
||